000 00526nam a22001697a 4500
008 160507b xxu||||| |||| 00| 0 eng d
020 _a9715870120
082 _22002
_aDFil 657.046
_bV63
100 _97736
_aVicente, Ma. Violeta V.
245 _aAdvanced accounting volume 1/
_cMa. Violeta V. Vicente
260 _aMandaluyong City:
_bMutual Books, Inc.,
_cc2002.
300 _ax, 658 pages:
_billustrations;
_c22.5 cm.
500 _aInclude index
650 0 _97737
_aAccounting
365 _b285.00
_cPhp.
942 _2ddc
_cDFIL
999 _c2359
_d2359